01352nam a22002657a 4500952010300000952010300103999001700206005001700223008004100240020001800281040002200299100004200321245007100363250001800434260003200452300002200484336001000506337001400516338001400530505030900544519008800853519008400941650004901025942001201074 00102lcc4070a13b13d2016-02-04l0oKGF3541 A28 2012p13 000819r2016-02-04t1w2016-02-04yLB 00102lcc4070a13b13d2017-05-18l0oKGF3541 A28 2012p13 004581r2017-05-18t2w2017-05-18yLB c98791d9879120231102151906.0160204t19962012mx |||||||||||||1 ||spa d a978607091150704aKGF3541cA28 20121 aArroyo Herrera, Juan Franciscoeautor10aLegislación Educativa Comentadac/ Juan Francisco Arroyo Herrera a9a. edición3 aMéxicob :Porrúac,2002 ax, 660 páginas. atexto asin medio avolúmen aContiene: Reglamento de las condiciones generales de trababo del personal SEP Ley general de educación Reglamento de asociaciones de padres de familia Reglamento interiror de la SEP Ley orgánica del Instituto Politécnico Nacional Ley Organica de UNAM Decreto de la Universidad pedagógica nacional aEducación Mixta / bPedagogía / cLegislación educativa (B18) / d(13 000819) aPlan Flexible / bPedagogía / cLegislación educativa (B18) / d(13 004581) 0aEDUCACIÓNxLEGISLACIÓN Y LEYESzMÉXICO 2lcccLB